Kendrick Lamar Albums - Statistics

General Stats
  • This quiz has been taken 345 times
  • The average score is 5 of 6
Answer Stats
Release Date Album % Correct
April 14, 2017 DAMN.
97%
November 22, 2024 GNX
96%
March 15, 2015 To Pimp A Butterfly
92%
October 22, 2012 good kid, m.A.A.d city
91%
May 13, 2022 Mr. Morale And The Big Steppers
88%
July 2, 2011 Section.80
84%
No matching quizzes found
Score Distribution
Percent of People with Each Score
Percentile by Number Answered
Your Score History
You have not taken this quiz